MARC details
| 000 -LEADER |
| campo de control de longitud fija |
01533nkc a22002657a 4500 |
| 001 - NÚMERO DE CONTROL |
| campo de control |
85866 |
| 005 - FECHA Y HORA DE LA ÚLTIMA TRANSACCIÓN |
| campo de control |
20260430122315.0 |
| 007 - CAMPO FIJO DE DESCRIPCIÓN FÍSICA--INFORMACIÓN GENERAL |
| campo de control de longitud fija |
kh bo |
| 008 - DATOS DE LONGITUD FIJA--INFORMACIÓN GENERAL |
| campo de control de longitud fija |
260430s1915 sp ||||| |||| |0| i|spa d |
| 040 ## - FUENTE DE CATALOGACIÓN |
| Centro catalogador/agencia de origen |
M-RABA |
| Lengua de catalogación |
spa |
| Centro/agencia transcriptor |
M-RABA |
| 100 1# - ENTRADA PRINCIPAL--NOMBRE DE PERSONA |
| Nombre de persona |
Roig Villalonga, Juana ( |
| Fechas asociadas al nombre |
1877-1941) |
| 9 (RLIN) |
42535 |
| 245 11 - MENCIÓN DEL TÍTULO |
| Título |
[Iglesia de San Pedro de la Rúa |
| Resto del título |
: cofres y báculo] |
| Mención de responsabilidad, etc. |
/ J. Roig |
| Medio |
[Material Gráfico] |
| 260 ## - PUBLICACIÓN, DISTRIBUCIÓN, ETC. |
| Lugar de publicación, distribución, etc. |
: Madrid |
| Nombre del editor, distribuidor, etc. |
: J. Roig |
| Fecha de publicación, distribución, etc. |
[ca. 1915] |
| 300 ## - DESCRIPCIÓN FÍSICA |
| Extensión |
2 fotografías |
| Otras características físicas |
: aristotipo |
| Dimensiones |
, imagen 15 x 22 cm |
| 500 00 - NOTA GENERAL |
| Nota general |
Conjunto de dos fotografías que muestran diferentes cofres árabes y un báculo conservados en la Iglesia de San Pedro de la Rúa en Estella, Navarra. |
| 500 00 - NOTA GENERAL |
| Nota general |
Sello a tinta al verso de la fotógrafa J. Roig, que se encargó del estudio de J. Laurent entre 1915 y 1930. <br/>Fecha de las fotografías tomada de los años en activo de la fotógrafa. |
| 500 00 - NOTA GENERAL |
| Nota general |
Originales de J. Laurent conservados en el IPCE:<br/>Fot-840: nº inventario VN-01239.<br/>Fot-841: nº inventario VN-01240.<br/> |
| 651 #7 - PUNTO DE ACCESO ADICIONAL DE MATERIA--NOMBRE GEOGRÁFICO |
| Nombre geográfico |
Estella (Navarra, España) |
| 9 (RLIN) |
11143 |
| 655 #7 - TERMINO DE INDIZACIÓN--GENERO/FORMA |
| Datos o término principal de género/forma |
Fotografías de obras de arte |
| 9 (RLIN) |
75675 |
| 700 1# - ENTRADA AGREGADA--NOMBRE PERSONAL |
| Nombre de persona |
Laurent, J. ( |
| Fechas asociadas al nombre |
1816-1886) |
| 9 (RLIN) |
55737 |
| 852 ## - LOCALIZACIÓN |
| Número de control de estantería |
Fot-840; Fot-841 |
| 856 ## - LOCALIZACIÓN Y ACCESO ELECTRÓNICOS |
| Identificador Uniforme de Recurso |
<a href="https://archivoybiblioteca.realacademiabellasartessanfernando.com/cgi-bin/koha/opac-retrieve-file.pl?id=d6df7ac330442336879d5330c7cfdd23">https://archivoybiblioteca.realacademiabellasartessanfernando.com/cgi-bin/koha/opac-retrieve-file.pl?id=d6df7ac330442336879d5330c7cfdd23</a> |
| Texto de enlace |
Fot-840 |
| 856 ## - LOCALIZACIÓN Y ACCESO ELECTRÓNICOS |
| Identificador Uniforme de Recurso |
<a href="https://archivoybiblioteca.realacademiabellasartessanfernando.com/cgi-bin/koha/opac-retrieve-file.pl?id=76bc2fe066cd68246a847ce7e7b4dd58">https://archivoybiblioteca.realacademiabellasartessanfernando.com/cgi-bin/koha/opac-retrieve-file.pl?id=76bc2fe066cd68246a847ce7e7b4dd58</a> |
| Texto de enlace |
Fot-841 |
| 942 ## - ELEMENTOS DE ENTRADA SECUNDARIOS (KOHA) |
| Tipo de ítem Koha |
Fotografías |
| Suprimir en OPAC |
No |